2023 Calendrier de l'Avent 12 : Expressions - Statistiques

Statistiques générales
  • Ce quiz a été pris 24 fois
  • Le résultat moyen est 8 sur 24
Statistiques - réponses
Indice 1 Indice 2 Expression % Correct
Résineux ***** ** NOEL Sapin de Noël
86%
Pièce et film ** **** NOEL *** *** ****** Le Père Noël est une ordure
71%
Prénom **** NOEL Jean Noël
67%
Courrier ****** ** **** NOEL Lettre au Père Noël
67%
Présent ****** ** NOEL Cadeau de Noël
57%
Vieux **** NOEL Père Noël
52%
Heureux ****** NOEL Joyeux Noël
48%
Chanson ***** **** NOEL Petit papa Noël
48%
Prénom ***** NOEL** Marie Noëlle
43%
Sapin ***** ** NOEL Arbre de Noël
38%
Scène ****** ** NOEL Crèche de Noël
33%
A minuit ***** ** NOEL Messe de Noël
33%
Neigeux NOEL ***** Noël blanc
33%
Star ****** ** NOEL Etoile de Noël
29%
Fleur **** ** NOEL Rose de Noël
29%
Bois ***** ** NOEL Buche de Noël
24%
24 H **** ** NOEL Jour de Noël
24%
Boisson ***** ** NOEL Bière de Noël
19%
Réjouissance **** ** NOEL Fête de Noël
19%
Enumération ***** ** NOEL Liste de Noël
14%
Adhérer ****** ** **** NOEL Croire au Père Noël
5%
Film * ******* NOEL ** ******** **** L'étrange Noël de Monsieur Jack
5%
Période ***** ** NOEL Temps de Noël
5%
Qui pique ****** ** NOEL Cactus de Noël
0%
Aucun quiz correspondant
Distribution des résultats
% des personnes avec chaque résultat
Percentile par nombre de réponses
Votre historique - résultats
Vous n’avez pas pris ce quiz